Rozpočtový informačný systém pre samosprávu (RISSAM)

Zber rozpočtov samosprávnych subjektov prebieha od 1. januára 2014 prostredníctvom centrálneho rozpočtového informačného systému (RISSAM). Tento systém predstavuje komplexné riešenie pre zber rozpočtu, jeho zostavovanie, úpravy, ako aj správu programového rozpočtovania.

Salvato in:
Dettagli Bibliografici
Autore principale: Brindzová, Zuzana
Natura: Capitolo di libro
Lingua:slovacco
Soggetti:
Tags: Aggiungi Tag
Nessun Tag, puoi essere il primo ad aggiungerne!!

MARC

LEADER 00000nla a2200000 4500
001 0204549
005 20240502073421.2
041 0 |a slo 
044 |a SK 
245 1 0 |a Rozpočtový informačný systém pre samosprávu (RISSAM)  |c Zuzana Brindzová 
520 |a Zber rozpočtov samosprávnych subjektov prebieha od 1. januára 2014 prostredníctvom centrálneho rozpočtového informačného systému (RISSAM). Tento systém predstavuje komplexné riešenie pre zber rozpočtu, jeho zostavovanie, úpravy, ako aj správu programového rozpočtovania. 
610 2 0 |a správa verejná elektronická 
610 2 0 |a systémy informačné 
610 2 0 |a správa verejná 
610 2 0 |a politika verejná 
610 2 0 |a samospráva miestna 
610 2 0 |a rozpočtovanie 
100 1 |a Brindzová, Zuzana